000
00193 a2200097 4500
020
_a
1572575794
041
_a
spa
100
_a
Butler, Andrea
245
_a
El cajon de los juguetes
942
_c
BK
999
_c
31926
_d
31924